Autobiography (Record no. 223)

MARC details
000 -LEADER
fixed length control field 00408 a2200169 4500
001 - CONTROL NUMBER
control field 066014
003 - CONTROL NUMBER IDENTIFIER
control field OSt
005 - DATE AND TIME OF LATEST TRANSACTION
control field 20210907120220.0
008 - FIXED-LENGTH DATA ELEMENTS--GENERAL INFORMATION
fixed length control field
082 ## - DEWEY DECIMAL CLASSIFICATION NUMBER
Classification number 809.93592
Item number A23A
100 1# - MAIN ENTRY--PERSONAL NAME
Personal name Anderson, Linda
245 1# - TITLE STATEMENT
Title Autobiography
Statement of responsibility, etc by Linda Anderson
260 ## - PUBLICATION, DISTRIBUTION, ETC. (IMPRINT)
Place of publication, distribution, etc London
Name of publisher, distributor, etc Routledge
Date of publication, distribution, etc 2007
300 ## - PHYSICAL DESCRIPTION
Extent 156p.
690 ## - LOCAL SUBJECT ADDED ENTRY--TOPICAL TERM (OCLC, RLIN)
Topical term or geographic name as entry element Autobiography; Biography
942 ## - ADDED ENTRY ELEMENTS (KOHA)
Source of classification or shelving scheme Dewey Decimal Classification
Koha item type Books
Holdings
Withdrawn status Lost status Source of classification or shelving scheme Damaged status Not for loan Collection code Home library Current library Department Date acquired Source of acquisition Coded location qualifier Cost, normal purchase price Inventory number(Invoice/Date) Total Checkouts Full call number Barcode Date last seen Date checked out Price effective from Koha item type Public note
    Dewey Decimal Classification     General Text Book Central University Of Rajasthan Central University Of Rajasthan English 07/03/2012 ENG Rawat Jaip 240.00 1002/15-03-2010 1 809.93592 A23A 300 21/11/2024 05/08/2022 02/09/2020 Books Routledge, London